| 000 | 00888nam a2200253 i 4500 | ||
|---|---|---|---|
| 001 | 18748 | ||
| 003 | ES-MaACL | ||
| 005 | 20250725052848.0 | ||
| 007 | t| | ||
| 008 | 020312s1998 sp ||||0| spa j | ||
| 020 | _a84-921347-0-4 | ||
| 040 |
_aM-BN _bspa _cM-BN |
||
| 080 | _a929 Trueba, Antonio de | ||
| 080 | _a946.015.2 B."18" | ||
| 100 | 1 |
_aEreño Altuna, José Antonio. _947381 |
|
| 245 | 1 | 0 |
_aAntonio de Trueba _b: literatura-historia-política : (con la disculpa de unos artículos de Trueba) / _cJosé Antonio Ereño Altuna. |
| 260 |
_a[Bilbao] : _bJ.A. Ereño, _c[1998] ( _eErandio (Bizkaia : _fA.G. Rontegui) |
||
| 300 |
_a269 p ; _c24 cm. |
||
| 600 | 1 | 4 |
_aTrueba, Antonio de, _d1819-1889 _9111545 |
| 651 | 4 |
_aBilbao- _xHistoria- _vS.XIX. _97883 |
|
| 700 | 1 |
_aTrueba, Antonio de, _d1819-1889 _9111545 |
|
| 852 |
_aES-MaACL _jL-25325 _bR.130421 |
||
| 999 |
_c18748 _d18748 |
||